North-west (Record no. 77397)

MARC details
000 -LEADER
fixed length control field 01125cab a2200277 4500
001 - CONTROL NUMBER
control field ##L134187
008 - FIXED-LENGTH DATA ELEMENTS--GENERAL INFORMATION
fixed length control field 060717n2006 000 0 eng u
035 ## - SYSTEM CONTROL NUMBER
System control number (Sirsi) u134187
041 0# - LANGUAGE CODE
Language code of text/sound track or separate title eng
100 1# - MAIN ENTRY--PERSONAL NAME
Personal name Goldie, Anna
245 00 - TITLE STATEMENT
Title North-west
Remainder of title regional
260 ## - PUBLICATION, DISTRIBUTION, ETC.
Date of publication, distribution, etc. 2006
490 #0 - SERIES STATEMENT
Series statement Property Week
Volume/sequential designation 71(28) 14 July 2006, 75-95(8)
520 ## - SUMMARY, ETC.
Summary, etc. Reports on the limited route of Manchester's Metrolink tram extension which will miss out some of the poorest areas; regeneration schemes in Liverpool and Manchester spearheaded by English Cities Fund; retail schemes in Bolton, Macclesfield and Northwich; problems at a large industrial site in Wirral, where planners have refused to alter the manufacturing employment use; and small office development in Manchester's bohemian Northern Quarter.
590 ## - LOCAL NOTE (RLIN)
Local note IKA180706
651 #4 - SUBJECT ADDED ENTRY--GEOGRAPHIC NAME
Geographic name NORTH WEST ENGLAND
651 #4 - SUBJECT ADDED ENTRY--GEOGRAPHIC NAME
Geographic name MANCHESTER
651 #4 - SUBJECT ADDED ENTRY--GEOGRAPHIC NAME
Geographic name LIVERPOOL
651 #4 - SUBJECT ADDED ENTRY--GEOGRAPHIC NAME
Geographic name BOLTON
651 #4 - SUBJECT ADDED ENTRY--GEOGRAPHIC NAME
Geographic name MACCLESFIELD
651 #4 - SUBJECT ADDED ENTRY--GEOGRAPHIC NAME
Geographic name NORTHWICH
651 #4 - SUBJECT ADDED ENTRY--GEOGRAPHIC NAME
Geographic name WIRRAL
690 ## - LOCAL SUBJECT ADDED ENTRY--TOPICAL TERM (OCLC, RLIN)
Topical term or geographic name as entry element PROPERTY-COMMERCIAL PROPERTY-COMMERCIAL PROPERTY MARKET
700 1# - ADDED ENTRY--PERSONAL NAME
Personal name Unger, Paul
942 ## - ADDED ENTRY ELEMENTS (KOHA)
Suppress in OPAC 0
Holdings
Withdrawn status Lost status Source of classification or shelving scheme Damaged status Not for loan Home library Current library Shelving location Date acquired Total Checkouts Full call number Barcode Date last seen Copy number Price effective from Koha item type
    Dewey Decimal Classification     London London Journal article 17/07/2006   L134187 134187-1001 06/08/2019 1 06/08/2019 Journal article